Estadísticas para Preguntas de Historia

Haz click aquí para intentar la prueba.

Estadísticas generales

  • Esta prueba ha sido intentada 630 veces
  • La puntuación promedio es 6 de 10

Estadísticas de respuestas

PreguntaRespuesta% Correcto
¿Qué país fue el tercer signatario del Pacto Tripartito, además de Alemania e Italia?Japón
91%
¿En qué ciudad de Italia nació Cristóbal Colón?Génova
90%
¿Cuál de estos países no formó parte de la Unión Soviética?Rumania
74%
¿Qué rey franco fue coronado emperador en el año 800?Carlomagno
66%
¿Quién fue el tercer presidente de los Estados Unidos?Thomas Jefferson
58%
¿Cuál de estos países no formó parte de Yugoslavia?Albania
57%
¿Qué guerra tuvo lugar en Sudamérica entre 1932 y 1935?Guerra del Chaco
43%
¿Cuál de estos imperios no desapareció luego de la Primera Guerra Mundial?Imperio español
43%
¿Qué ciudad fue la capital de la República Federal de Alemania?Bonn
40%
¿A qué casa real perteneció la Reina Victoria?Hannover
27%

Distribución de puntuación

Porcentaje por número respondido

Porcentaje de gente con cada puntuación

Historial de tus puntuaciones

No has intentado esta prueba.